00446nam a22001217a 4500008004100000040005500041080002700096245009200123250001200215260005800227300001000285650002900295230621b |||||||| |||| 00| 0 eng d aNational Science LibrarycNational Science Library aR 614.84.001.5(73)bK8 aDirectory of fire research in the United States, 1965-1967c/ National Research Council a4th ed. aWashington, D.C.: bNational Research Council, c1968 a267p. aFire prevention-Research